The noble scholar, jurist, historian


 His Excellency Dr. Abdul Wahhab bin Ibrahim Abu Sulaiman, may Allah have mercy on him.


 He was born in Umm Al-Qura in the year 1356 AH.

شرح التلقين : (Record no. 2517)

MARC details
000 -LEADER
fixed length control field 01115cam a2200253 i 4500
003 - CONTROL NUMBER IDENTIFIER
control field SA-RiAUC
005 - DATE AND TIME OF LATEST TRANSACTION
control field 20241119122804.0
008 - FIXED-LENGTH DATA ELEMENTS--GENERAL INFORMATION
fixed length control field 241119s1997 le g 000 0 ara c
040 ## - CATALOGING SOURCE
Original cataloging agency SA-RiAUC
Language of cataloging ara
Transcribing agency SA-RiAUC
Description conventions rda
082 04 - DEWEY DECIMAL CLASSIFICATION NUMBER
Classification number 252.2
090 ## - LOCALLY ASSIGNED LC-TYPE CALL NUMBER (OCLC); LOCAL CALL NUMBER (RLIN)
Classification number (OCLC) (R) ; Classification number, CALL (RLIN) (NR) 252.2
Local cutter number (OCLC) ; Book number/undivided call number, CALL (RLIN) م ا ز
100 1# - MAIN ENTRY--PERSONAL NAME
Personal name المازري، محمد بن علي بن عمر،
Dates associated with a name 453-536 هجري
Relator term مؤلف.
245 10 - TITLE STATEMENT
Title شرح التلقين :
Remainder of title الصلاة ومقدماتها /
Statement of responsibility, etc. أبي عبد الله محمد بن علي بن عمر التميمي المازري ؛ تحقيق محمد المختار السلامي.
264 #1 - PRODUCTION, PUBLICATION, DISTRIBUTION, MANUFACTURE, AND COPYRIGHT NOTICE
Place of production, publication, distribution, manufacture بيروت :
Name of producer, publisher, distributor, manufacturer دار الغرب الإسلامي،
Date of production, publication, distribution, manufacture, or copyright notice 1997
300 ## - PHYSICAL DESCRIPTION
Extent 3 مجلد ؛
Dimensions 24 سم
336 ## - CONTENT TYPE
Content type term نص
Content type code txt
Source rdacontent
Materials specified كتاب
337 ## - MEDIA TYPE
Media type term بدون وسيط
Media type code n
Source rdamedia
338 ## - CARRIER TYPE
Carrier type term مجلد
Carrier type code nc
Source rdacarrier
590 ## - LOCAL NOTE (RLIN)
Local note 2e exemplaire est reçu le 22/03/99 de (268) F : 1710-67 (120.00 usd).
650 #7 - SUBJECT ADDED ENTRY--TOPICAL TERM
Topical term or geographic name entry element الصلاة (إسلام)
Source of heading or term aucsh
700 1# - ADDED ENTRY--PERSONAL NAME
Personal name السلامي، محمد المختار،
Dates associated with a name 1925-
Relator term محقق.
942 ## - ADDED ENTRY ELEMENTS (KOHA)
Source of classification or shelving scheme Dewey Decimal Classification
Koha item type Books
Suppress in OPAC No
949 ## - LOCAL PROCESSING INFORMATION (OCLC)
a SA-JeALM
d 241119
u mohamedma123
n 1
Holdings
Withdrawn status Lost status Source of classification or shelving scheme Materials specified (bound volume or other part) Damaged status Not for loan Home library Current library Date acquired Total checkouts Full call number Barcode Date last seen Price effective from Koha item type Collection
    Dewey Decimal Classification المجلد الاول     DR AbdElwahab Library DR AbdElwahab Library 11/19/2024   252.2 م ا ز 000003932 11/19/2024 11/19/2024 Books  
    Dewey Decimal Classification المجلد الثاني     DR AbdElwahab Library DR AbdElwahab Library 11/19/2024   252.2 م ا ز 000003933 11/19/2024 11/19/2024 Books  
    Dewey Decimal Classification المجلد الثالث     DR AbdElwahab Library DR AbdElwahab Library 11/19/2024   252.2 م ا ز 000003934 11/19/2024 11/19/2024 Books  
    Dewey Decimal Classification المجلد الثالث     DR AbdElwahab Library DR AbdElwahab Library 11/20/2024   252.2 م ا ز 000003974 11/20/2024 11/20/2024 Books  
    Dewey Decimal Classification المجلد الاول     DR AbdElwahab Library DR AbdElwahab Library 01/05/2025   252.2 م ا ز 000007009 01/05/2025 01/05/2025 Books  
    Dewey Decimal Classification المجلد الثاني     DR AbdElwahab Library DR AbdElwahab Library 01/05/2025   252.2 م ا ز 000007010 01/05/2025 01/05/2025 Books  
    Dewey Decimal Classification المجلد الأول     DR AbdElwahab Library DR AbdElwahab Library 10/10/2025   252.2 م ا ز 000019884 10/10/2025 10/10/2025 Books اهداء
    Dewey Decimal Classification المجلد الثاني     DR AbdElwahab Library DR AbdElwahab Library 10/10/2025   252.2 م ا ز 000019885 10/10/2025 10/10/2025 Books اهداء
    Dewey Decimal Classification المجلد الثالث     DR AbdElwahab Library DR AbdElwahab Library 10/10/2025   252.2 م ا ز 000019886 10/10/2025 10/10/2025 Books اهداء
    Dewey Decimal Classification المجلد الرابع     DR AbdElwahab Library DR AbdElwahab Library 10/10/2025   252.2 م ا ز 000019887 10/10/2025 10/10/2025 Books اهداء
    Dewey Decimal Classification المجلد الخامس     DR AbdElwahab Library DR AbdElwahab Library 10/10/2025   252.2 م ا ز 000019888 10/10/2025 10/10/2025 Books اهداء
    Dewey Decimal Classification المجلد السادس     DR AbdElwahab Library DR AbdElwahab Library 10/10/2025   252.2 م ا ز 000019889 10/10/2025 10/10/2025 Books اهداء
    Dewey Decimal Classification المجلد السابع     DR AbdElwahab Library DR AbdElwahab Library 10/10/2025   252.2 م ا ز 000019890 10/10/2025 10/10/2025 Books اهداء
    Dewey Decimal Classification المجلد الثامن     DR AbdElwahab Library DR AbdElwahab Library 10/10/2025   252.2 م ا ز 000019891 10/10/2025 10/10/2025 Books اهداء